Section 15 of the Trusts of Land and Appointment of Trustees Act 1996 - a change in the law (Record no. 64622)

MARC details
000 -LEADER
fixed length control field 00910cam a2200217 4500
001 - CONTROL NUMBER
control field ABS62789
008 - FIXED-LENGTH DATA ELEMENTS--GENERAL INFORMATION
fixed length control field 000000n2000 000 0 eng u
035 ## - SYSTEM CONTROL NUMBER
System control number (Sirsi) u108187
100 ## - MAIN ENTRY--PERSONAL NAME
Personal name Pascoe, S.
245 ## - TITLE STATEMENT
Title Section 15 of the Trusts of Land and Appointment of Trustees Act 1996 - a change in the law
260 ## - PUBLICATION, DISTRIBUTION, ETC.
Date of publication, distribution, etc. 2000
490 ## - SERIES STATEMENT
Series statement The Conveyancer
Volume/sequential designation (64) July/August 2000, 315-328(14)
520 ## - SUMMARY, ETC.
Summary, etc. Reviews the extent to which s15 of the Trusts of Land and Appointment of Trustees Act 1996 has modified the law relating to a duty to sell, particularly in the light of the decision in "The Mortgage Corporation v Marsha Shaire and Others".
590 ## - LOCAL NOTE (RLIN)
Local note ABS
650 ## - SUBJECT ADDED ENTRY--TOPICAL TERM
Topical term or geographic name entry element DUTY TO SELL
650 ## - SUBJECT ADDED ENTRY--TOPICAL TERM
Topical term or geographic name entry element TRUSTS OF LAND AND APPOINTMENT OF TRUSTEES ACT 1996
650 ## - SUBJECT ADDED ENTRY--TOPICAL TERM
Topical term or geographic name entry element THE MORTGAGE CORPORATION V MARSHA SHAIRE AND OTHERS
650 ## - SUBJECT ADDED ENTRY--TOPICAL TERM
Topical term or geographic name entry element LAW OF PROPERTY ACT 1925
690 ## - LOCAL SUBJECT ADDED ENTRY--TOPICAL TERM (OCLC, RLIN)
Topical term or geographic name as entry element PROPERTY
942 ## - ADDED ENTRY ELEMENTS (KOHA)
Suppress in OPAC 0
Holdings
Withdrawn status Lost status Source of classification or shelving scheme Damaged status Not for loan Home library Current library Shelving location Date acquired Total Checkouts Full call number Barcode Date last seen Copy number Price effective from Koha item type
    Dewey Decimal Classification     London London Journal article 06/09/2000   ABS62789 108187-1001 06/08/2019 1 06/08/2019 Journal article